00498nam a2200193 a 4500001001300000003000900013005001700022008004100039020001100080082001600091100002200107245003000129260003500159300000800194500003500202505003600237650000900273700002200282nice12345678IN_TiNIC20260116011751.0050524s1974 laha grp 000 0 eng  ac4.7500a297.82bMUS aMuslehuddin, Mohd aMuta (temporary Marriage) aLahore bIslamic Pub Ltdc1974 a69p aincludes index and biblioraphy2 aIndex, Bibliography Information aMuta1 aMuslehuddin, Mohd